University Home | Library Home | Institutional Repository

Atlante di anatomia microscopica / (Record no. 31027)

MARC details
000 -LEADER
fixed length control field 00636cam0a220021700 4500
001 - CONTROL NUMBER
control field tmp15706998
003 - CONTROL NUMBER IDENTIFIER
control field UPRA
005 - DATE AND TIME OF LATEST TRANSACTION
control field 20190813125359.0
008 - FIXED-LENGTH DATA ELEMENTS--GENERAL INFORMATION
fixed length control field 951009s1965 it ita u
035 ## - SYSTEM CONTROL NUMBER
System control number (Sirsi) r77721
035 ## - SYSTEM CONTROL NUMBER
System control number (UPRA)tmp15706998
040 ## - CATALOGING SOURCE
Transcribing agency UPRA
100 1# - MAIN ENTRY--PERSONAL NAME
Personal name Olivo, Oliviero Mario.
Linkage A37612.1
245 10 - TITLE STATEMENT
Title Atlante di anatomia microscopica /
Statement of responsibility, etc. [by] O.M. Olivo [and] G. Toni ...
260 ## - PUBLICATION, DISTRIBUTION, ETC.
Place of publication, distribution, etc. Milano :
Name of publisher, distributor, etc. Vallardi,
Date of publication, distribution, etc. [1965]
500 ## - GENERAL NOTE
General note First published in 1953.
650 #0 - SUBJECT ADDED ENTRY--TOPICAL TERM
Topical term or geographic name entry element Histology.
Linkage S2176.1
700 1# - ADDED ENTRY--PERSONAL NAME
Personal name Toni, Giorgio.
Linkage A37613.1
949 ## - LOCAL PROCESSING INFORMATION (OCLC)
a QM557
w LC
i -106759
m MAIN
t BOOK
l ON-SHELF
Holdings
Withdrawn status Lost status Source of classification or shelving scheme Damaged status Not for loan Home library Current library Shelving location Total Checkouts Full call number Barcode Date last seen Copy number Price effective from Koha item type
    Library of Congress Classification     Medical Library Medical Library On Shelf   QM557 33729000197546 08/13/2019 1 08/13/2019 Book
© 2026 - The University of Zambia Library - Koha v25.11